000
00292nam a2200097 4500
082
_a
KAZ
100
_a
Kazi, M.A
245
_a
Presidential Address by Allama I I Kazi delivered on Occasion of the New Year Day on 1st Jan 1954
260
_a
Jamshoro:
_b
Allama I I Kazi Memorial,
_c
1989.
942
_c
BK
999
_c
9865
_d
9865